La base fonética (Record no. 111772)

MARC details
000 -LEADER
campo de control de longitud fija 00515nam a2200169 i 4500
001 - NÚMERO DE CONTROL
campo de control 111772
003 - IDENTIFICADOR DE NÚMERO DE CONTROL
campo de control ES-MaACL
005 - FECHA Y HORA DE LA ÚLTIMA TRANSACCIÓN
campo de control 20230906185347.0
007 - CAMPO FIJO DE DESCRIPCIÓN FÍSICA--INFORMACIÓN GENERAL
campo de control de longitud fija t|
008 - DATOS DE LONGITUD FIJA--INFORMACIÓN GENERAL
campo de control de longitud fija 061121q19101919ag r ||||1| spa d
100 1# - ENTRADA PRINCIPAL--NOMBRE DE PERSONA
Nombre de persona Natale, José A.
9 (RLIN) 84982
245 13 - MENCIÓN DEL TÍTULO
Título La base fonética
Resto del título : tratado de fonética analógica aplicada a la enseñanza /
Mención de responsabilidad, etc. José A. Natale.
260 ## - PUBLICACIÓN, DISTRIBUCIÓN, ETC.
Lugar de publicación, distribución, etc. Buenos Aires :
Nombre del editor, distribuidor, etc. Angel Estrada y Co.,
Fecha de publicación, distribución, etc. [191--?]
300 ## - DESCRIPCIÓN FÍSICA
Extensión 285 p. ;
Dimensiones 21 cm.
650 #4 - PUNTO DE ACCESO ADICIONAL DE MATERIA--TÉRMINO DE MATERIA
Término de materia o nombre geográfico como elemento de entrada Fonética.
9 (RLIN) 12922
852 ## - LOCALIZACIÓN
Ubicación ES-MaACL
Número de control de estantería F-558
Holdings
Estatus retirado Estado de pérdida Estado de daño No para préstamo Biblioteca de origen Biblioteca actual Ubicación en estantería Fecha de adquisición Fuente de adquisición Total de préstamos Signatura topográfica completa Código de barras Visto por última vez Precio de reemplazo Tipo de ítem Koha
        Biblioteca del Ateneo de Madrid Biblioteca del Ateneo de Madrid Depósito 2 17/01/2008     F-558 1116596 23/02/2023 23/02/2023 Libro impreso